• 首页
  • 本馆介绍
  • 公告通知
  • 最新文献
  • 馆藏检索
  • 电子资源
  • 读者导购
  • 参考咨询
  • 我的图书馆
  • 登录
  • 详细信息显示
  • 放入我的书架
  • 预约/预借图书
  • 作者相关作品
  • 分类相关作品
  • 丛书相关作品
  • 出版社相关作品

书目信息

  • 表格格式
  • 工作单格式
  • 卡片格式
题名:
矿床学
    
 
作者: ;成都地质学院《矿床学》编写组 编写
分册: 下册  
出版信息: 北京   地质出版社  1978
页数: 329页
开本: 20cm
丛书名:
单 册:
中图分类: P61
科图分类:
主题词: 采矿地质学
电子资源:
ISBN:
000 00698nam0 2200217 45
001 0178005501
005 20060426165352.01
010    @dCNY1.20
091    @a15038.新282
100    @a19950726d1978 em y0chiy0121 ea
101 0  @achi
102    @aCN@b110000
105    @ay z 000yy
200 10 @a矿床学@Akuang chuang xue@h下册@f成都地质学院《矿床学》编写组编写@Fcheng du di zhi xue yuan《kuang chuang xue》bian xie zu bian xie
210    @a北京@c地质出版社@d1978
215    @a329页@d20cm
606    @a采矿地质学
690    @aP61@v3
711  0 @a成都地质学院《矿床学》编写组@Acheng du di zhi xue yuan《kuang chuang xue》bian xie zu@4编写
801  0 @aCN@bTSSF@c20060426
905    @a10447@dP61@e1
    
    矿床学.下册/成都地质学院《矿床学》编写组编写.-北京:地质出版社,1978
    329页;20cm
    
    
    ISBN :CNY1.20
    
●
相关链接 在E读中查询图书 在五车中查询图书 在当当中查询图书 在豆瓣中查询图书


正题名:矿床学     索取号:P61/1         预约/预借

序号 登录号 条形码 馆藏地/架位号 状态 备注
1 0004251   202291386   密集书库/ [索取号:P61/1] 在馆    
2 0004252   202291359   密集书库/ [索取号:P61/1] 在馆    
唐山师范学院图书馆 欢迎您!
大连网信软件有限公司© 版权所有